[Event "Titled Tuesday intern op 23rd May Early"]
[Site "Chess.com INT"]
[Date "2023.05.23"]
[Round "8"]
[White "Sjugirov, Sanan"]
[Black "Tasev, Dejan"]
[Result "1-0"]
[WhiteElo "2712"]
[BlackElo "2205"]
[PlyCount "175"]
[EventDate "2023.05.23"]
[EventType "swiss (blitz)"]
[EventRounds "11"]
[EventCountry "USA"]
[SourceTitle "CBM 214 Extra"]
[Source "ChessBase"]
[SourceDate "2023.07.31"]
[SourceVersion "1"]
[SourceVersionDate "2023.07.31"]
[SourceQuality "1"]

1. d4 Nf6 2. c4 g6 3. Nc3 Bg7 4. e4 d6 5. Nf3 0-0 6. Be2 c5 7. d5 b5 8. cxb5 a6 9. 0-0 axb5 10. Bxb5 Ba6 11. Bxa6 Rxa6 12. Qe2 Qb6 13. e5 dxe5 14. Nxe5 Rd8 15. Rd1 Qb7 16. Bf4 Rb6 17. Nc4 Rb4 18. a3 Rxc4 19. Qxc4 Nbd7 20. Qb5 Qa7 21. h3 Ne8 22. a4 Nd6 23. Qe2 Nf6 24. Nb5 Qb7 25. Bxd6 exd6 26. Ra3 Re8 27. Re3 Rd8 28. b3 h5 29. Qf3 Qa8 30. Re7 c4 31. g4 hxg4 32. hxg4 Rf8 33. g5 Nh5 34. bxc4 Qxa4 35. Re4 f6 36. Rde1 fxg5 37. Re8 Nf4 38. Nxd6 Rxe8 39. Rxe8+ Bf8 40. Re1 Qb4 41. Qe4 Qxd6 42. Kf1 Qf6 43. Re3 g4 44. Qe5 Kf7 45. Qc7+ Kg8 46. Qe5 Kf7 47. Qxf6+ Kxf6 48. Re8 Bc5 49. Rc8 Bd4 50. c5 Nxd5 51. Rd8 Ke5 52. c6 Bb6 53. Re8+ Kd6 54. Rg8 Ne7 55. Rg7 Bd8 56. Kg2 Kxc6 57. Rf7 Kd7 58. Rf4 Bc7 59. Rxg4 Ke6 60. Re4+ Kf7 61. Ra4 Bd6 62. Kf3 Ke6 63. Kg4 Kf6 64. Ra6 Ke6 65. Kg5 Kd5 66. Kf6 Nc6 67. Kxg6 Bc5 68. f4 Ne7+ 69. Kg5 Nc6 70. Kg6 Bd4 71. f5 Ne5+ 72. Kg5 Nf7+ 73. Kg6 Ne5+ 74. Kh6 Ng4+ 75. Kg5 Ne5 76. Ra5+ Kd6 77. f6 Nd7 78. Ra6+ Kc7 79. f7 Bg7 80. Kg6 Bf8 81. Kh7 Bc5 82. Kg8 Kd8 83. Re6 Be7 84. Re3 Bd6 85. Rd3 Kc7 86. Kg7 Kd8 87. Rxd6 Ke7 88. Rxd7+ 1-0

[Event "Titled Tuesday intern op 23rd May Early"]
[Site "Chess.com INT"]
[Date "2023.05.23"]
[Round "7"]
[White "Tasev, Dejan"]
[Black "Sychev, Klementy"]
[Result "1-0"]
[WhiteElo "2205"]
[BlackElo "2547"]
[PlyCount "69"]
[EventDate "2023.05.23"]
[EventType "swiss (blitz)"]
[EventRounds "11"]
[EventCountry "USA"]
[SourceTitle "CBM 214 Extra"]
[Source "ChessBase"]
[SourceDate "2023.07.31"]
[SourceVersion "1"]
[SourceVersionDate "2023.07.31"]
[SourceQuality "1"]

1. e4 e5 2. Nf3 Nc6 3. Bc4 Nf6 4. d3 Bc5 5. Nc3 h6 6. Bb3 a6 7. h3 d6 8. Be3 Be6 9. Qd2 Bxb3 10. axb3 Bb4 11. 0-0 d5 12. exd5 Nxd5 13. Qe1 0-0 14. Bd2 Re8 15. Nxd5 Bxd2 16. Qxd2 Qxd5 17. Rfe1 Re6 18. Ra4 Rae8 19. Rg4 f5 20. Rg3 Kh8 21. Qc3 b5 22. b4 Kh7 23. Ra1 Ra8 24. Re1 Qd6 25. Qb3 Rae8 26. c3 e4 27. dxe4 fxe4 28. Nh2 Qf4 29. Qc2 Rd8 30. Rg4 Qf5 31. Rgxe4 Rde8 32. f3 Ne5 33. Qe2 Ng6 34. Rxe6 Nf4 35. Qe4 1-0